| 000 | 00500nmm a2200169Ia 4500 | ||
|---|---|---|---|
| 008 | 251105s9999||||xx |||||||||||||||||und|| | ||
| 020 | _a9562826740 | ||
| 041 | _aspa | ||
| 100 | _aZurita, Raúl (selec.) | ||
| 245 | 0 | _aCantares. Nuevas voces de la poesía chilena | |
| 264 |
_a[Santiago de Chile, Chile] : _bLOM Ediciones, _c2004 |
||
| 300 | _a322 páginas | ||
| 490 | _aEntre Mares | ||
| 650 | _aLatin American poetry | ||
| 856 | _uhttps://public.digitaliapublishing.com/a/13042 | ||
| 942 | _cCF | ||
| 999 |
_c74340 _d74340 |
||